Aktivita žiakov na vyučovaní

Bibliographic Details
Main Authors: Schnitzerová, Eva (Author), Kontíková, Silvia (Author)
Format: Article
Language:Slovak
PhysicalDescription:Obr. 2, tab. 4, res. angl., lit. 17 zázn. v angl., češ., slov.
Subjects:

MARC

LEADER 00000nab a2200000 a 4500
001 vtls000590068
003 SK-MaSNL
005 20260304085429.0
008 250425c1996 xo 0 slo
015 |a SNBRB19rr/mm-uuuuu 
035 |a CL0590207 
035 |a urn:nbn:sk:snk-ab7jdu 
035 |a (urnnbn)urn:nbn:sk:snk:ar-005yeh 
035 |a (uuid)60cd5453-47da-4a62-98f9-d6f35046d6cb 
040 |a SNKBUCL  |b slo  |c SNKBUCL  |e AACR2 
041 0 |a slo 
044 |a xo  |c SK 
080 |a 37.015.3  |2 1981 
080 |a 37.042  |2 1981 
080 |a 371.322  |2 1981 
080 |a 159.953-053.2  |2 1981 
100 1 |a Schnitzerová, Eva  |4 aut  |9 384646 
245 1 0 |a Aktivita žiakov na vyučovaní  |c Eva Schnitzerová, Silvia Kontíková 
300 |b Obr. 2, tab. 4, res. angl., lit. 17 zázn. v angl., češ., slov. 
650 0 7 |a vyučovanie  |2 snkbucl  |9 1522 
650 0 7 |a žiaci  |2 snkbucl  |9 16621 
650 0 7 |a aktivita učebno-interakčná  |2 snkbucl  |9 1378867 
655 7 |a články z novín a časopisov  |2 snkbucl  |9 267496 
700 1 |a Kontíková, Silvia  |4 aut  |9 1378868 
773 0 |t Pedagogická revue  |g Roč. 48, č. 3-4 (1996), s. 157-165 
850 |a Slovenská národná knižnica 
852 |a Slovenská národná knižnica 
954 |a odborná, vedecká literatúra pôvodná (slovenská)  |2 lita 
958 |a article7 
958 |a NB 
958 |a RK 
958 |a OND 
958 |a EUIPO 
992 |a RBX 
999 |c 2807992  |d 2809922